[Event "SLO-chT NML 31st"]
[Site "Ptuj/Grosuplje"]
[Date "2021.10.17"]
[Round "6.4"]
[White "Vombek, Danijel"]
[Black "Groselj, Petra"]
[Result "1-0"]
[WhiteElo "2274"]
[BlackElo "1910"]
[PlyCount "77"]
[EventDate "2021.10.08"]
[EventType "team-tourn"]
[EventRounds "9"]
[EventCountry "SLO"]
[SourceTitle "EXT 2023"]
[Source "ChessBase"]
[SourceDate "2022.10.05"]
[SourceVersion "1"]
[SourceVersionDate "2022.10.05"]
[SourceQuality "1"]
[WhiteTeam "Maribor Branik"]
[BlackTeam "Domzale"]
[WhiteTeamCountry "SLO"]
[BlackTeamCountry "SLO"]

1. e4 c5 2. Nf3 Nc6 3. d4 cxd4 4. Nxd4 e5 5. Nb5 d6 6. g3 Be7 7. Bg2 f5 8. N1c3 a6 9. Na3 Nf6 10. Nc4 Be6 11. Ne3 fxe4 12. Nxe4 h6 13. Nxf6+ Bxf6 14. 0-0 0-0 15. Nd5 Rc8 16. a4 Bg5 17. f4 exf4 18. Bxf4 Ne5 19. b3 Kh8 20. a5 Bxd5 21. Bxd5 Bxf4 22. gxf4 Nc6 23. Qd2 b5 24. Be6 Rb8 25. Rad1 Nxa5 26. Qxd6 Qb6+ 27. Qxb6 Rxb6 28. f5 Nb7 29. b4 a5 30. c3 a4 31. Rd7 Nd6 32. Rd1 Ne4 33. Ra7 Nd6 34. Rd5 Rd8 35. Kg2 Kh7 36. f6 Rb7 37. Rxd6 Rxd6 38. Bf5+ Kg8 39. Rxb7 1-0

[Event "Ljubljana-chT 73rd"]
[Site "Ljubljana"]
[Date "2020.02.27"]
[Round "5.4"]
[White "Groselj, Petra"]
[Black "Jelen, Anja"]
[Result "1-0"]
[WhiteElo "1910"]
[BlackElo "1329"]
[PlyCount "103"]
[EventDate "2020.01.16"]
[EventType "team-swiss"]
[EventRounds "6"]
[EventCountry "SLO"]
[SourceTitle "EXT 2024"]
[Source "ChessBase"]
[SourceDate "2023.10.10"]
[SourceVersion "1"]
[SourceVersionDate "2023.10.10"]
[SourceQuality "1"]
[WhiteTeam "Domzale Tajfun"]
[BlackTeam "Ig"]
[WhiteTeamCountry "SLO"]
[BlackTeamCountry "SLO"]

1. e4 e5 2. Nf3 Nc6 3. Bb5 Nf6 4. 0-0 Bc5 5. c3 0-0 6. d4 exd4 7. cxd4 Bb6 8. d5 a6 9. Ba4 Ne7 10. Nc3 d6 11. Bg5 Ng6 12. Qd2 h6 13. Be3 Bxe3 14. Qxe3 Ng4 15. Qe2 N4e5 16. Nxe5 Nxe5 17. f4 Bg4 18. Qf2 Ng6 19. f5 Ne5 20. h3 Bh5 21. g4 Qg5 22. Qg2 Bg6 23. fxg6 fxg6 24. Rae1 Nd3 25. Rxf8+ Rxf8 26. Rf1 Qe3+ 27. Kh2 Nf2 28. Nd1 Qf4+ 29. Kg1 Qxe4 30. Qxe4 Nxe4 31. Rxf8+ Kxf8 32. Bc2 Nf6 33. Nc3 Kf7 34. Kf2 Nd7 35. Ke3 Kf6 36. Kf4 Ne5 37. Ne4+ Kf7 38. Nd2 Kf6 39. Nf3 g5+ 40. Ke4 Nxf3 41. Kxf3 Ke5 42. Ke3 b6 43. Be4 b5 44. b4 g6 45. Bf3 h5 46. Bg2 hxg4 47. hxg4 Kf6 48. Kd4 Kf7 49. Be4 Kf6 50. Bc2 Kf7 51. a4 bxa4 52. Bxa4 1-0

[Event "SLO-chT (Women)"]
[Site "Maribor"]
[Date "2019.04.05"]
[Round "2.1"]
[White "Groselj, Petra"]
[Black "Hitter, Gabriela"]
[Result "0-1"]
[WhiteElo "1948"]
[BlackElo "2150"]
[PlyCount "80"]
[EventDate "2019.04.04"]
[EventType "team-tourn"]
[EventRounds "7"]
[EventCountry "SLO"]
[SourceTitle "CBM 190 Extra"]
[Source "ChessBase"]
[SourceDate "2019.07.15"]
[SourceVersion "1"]
[SourceVersionDate "2019.07.15"]
[SourceQuality "1"]
[WhiteTeam "Domzale Tajfun (W)"]
[BlackTeam "Pomgrad Radenska (W)"]
[WhiteTeamCountry "SLO"]
[BlackTeamCountry "SLO"]

1. e4 c5 2. Nf3 d6 3. d4 cxd4 4. Nxd4 Nf6 5. Nc3 a6 6. Bc4 e6 7. Bb3 b5 8. 0-0 Be7 9. Kh1 0-0 10. f4 b4 11. Na4 Nxe4 12. f5 d5 13. Bf4 Bd7 14. Qg4 Nf6 15. Qh3 e5 16. Bxe5 Qa5 17. a3 bxa3 18. Nc3 Qb6 19. Nxd5 Nxd5 20. Bxd5 axb2 21. Rae1 Ra7 22. Nb3 Bf6 23. Qc3 a5 24. Bxf6 Qxf6 25. Qc5 Ra6 26. Bb7 Rb6 27. Nxa5 Rb5 28. Qc7 Rxf5 29. Rxf5 Bxf5 30. Bd5 g6 31. Bb3 Be4 32. Qc4 Qf4 33. Qf1 Qd2 34. Rxe4 Qxa5 35. Qb1 Qc3 36. Rc4 Qf6 37. Ba2 Nc6 38. c3 Rd8 39. Qe1 Ne5 40. Rc7 Qg5 0-1

[Event "Ljubljana-chT 71st"]
[Site "Ljubljana"]
[Date "2018.01.18"]
[Round "2.3"]
[White "Groselj, Petra"]
[Black "Janzelj, Lara"]
[Result "0-1"]
[WhiteElo "1968"]
[BlackElo "2166"]
[PlyCount "92"]
[EventDate "2018.01.11"]
[EventType "team-tourn"]
[EventRounds "9"]
[EventCountry "SLO"]
[SourceTitle "EXT 2020"]
[Source "ChessBase"]
[SourceDate "2019.10.17"]
[SourceVersion "1"]
[SourceVersionDate "2019.10.17"]
[SourceQuality "1"]
[WhiteTeam "Domzale SD"]
[BlackTeam "Ig"]
[WhiteTeamCountry "SLO"]
[BlackTeamCountry "SLO"]

1. e4 e5 2. Nf3 Nc6 3. Bb5 g6 4. d4 exd4 5. Nxd4 Bg7 6. Be3 Nge7 7. Nc3 a6 8. Be2 d6 9. h4 h5 10. Qd2 b6 11. 0-0-0 Bb7 12. g4 hxg4 13. Bxg4 Ne5 14. Bh3 Nc4 15. Qe2 Nxe3 16. Qxe3 Nc6 17. Nxc6 Bxc6 18. Kb1 Qf6 19. Qg3 Kf8 20. Rde1 Rxh4 21. Bg2 Rxh1 22. Rxh1 Qd4 23. Rd1 Qb4 24. a3 Qc5 25. Nd5 Ba4 26. Rd2 a5 27. Qh4 Re8 28. Nf6 Re6 29. Nd5 g5 30. Qg4 Be8 31. Re2 Qd4 32. Nc3 b5 33. Qxg5 b4 34. Rd2 Qc4 35. Qd5 Qa6 36. Nd1 bxa3 37. bxa3 Re5 38. Qd3 Rb5+ 39. Kc1 Qb6 40. Re2 Rb1+ 41. Kd2 Bb5 42. c4 Ba4 43. Re1 Bxd1 44. Rf1 Qb2+ 45. Ke3 Qc1+ 46. Qd2 Rb3+ 0-1

[Event "SLO-chT (Women)"]
[Site "Domzale"]
[Date "2016.04.15"]
[Round "6.7"]
[White "Groselj, Petra"]
[Black "Novak, Ksenija"]
[Result "1/2-1/2"]
[WhiteElo "2081"]
[BlackElo "2076"]
[PlyCount "98"]
[EventDate "2016.04.01"]
[EventType "team-tourn"]
[EventRounds "7"]
[EventCountry "SLO"]
[SourceTitle "EXT 2019"]
[Source "ChessBase"]
[SourceDate "2018.10.10"]
[SourceVersion "1"]
[SourceVersionDate "2018.10.10"]
[SourceQuality "1"]
[WhiteTeam "Domzale (W)"]
[BlackTeam "Celjski (W)"]
[WhiteTeamCountry "SLO"]
[BlackTeamCountry "SLO"]

1. e4 c5 2. Nf3 e6 3. d4 cxd4 4. Nxd4 Nf6 5. Nc3 Nc6 6. Ndb5 d6 7. Bf4 e5 8. Bg5 a6 9. Bxf6 gxf6 10. Na3 b5 11. Nd5 f5 12. exf5 Bxf5 13. c3 Bg7 14. Nc2 Be6 15. Nce3 Ne7 16. Nxe7 Qxe7 17. Bd3 d5 18. 0-0 0-0 19. Nf5 Bxf5 20. Bxf5 Qg5 21. Qg4 Qxg4 22. Bxg4 f5 23. Be2 e4 24. Rfd1 Rfd8 25. Rac1 Kf7 26. Rc2 Ke6 27. Rcd2 Rab8 28. a4 b4 29. Bc4 bxc3 30. bxc3 Bxc3 31. Rxd5 Rxd5 32. Rxd5 Rb4 33. Ba2 Ke7 34. Rd1 Rxa4 35. Bg8 h6 36. g3 Ra1 37. Rxa1 Bxa1 38. Bc4 a5 39. Bb5 Kd6 40. Kf1 Bd4 41. Ke2 Ke5 42. Be8 f4 43. gxf4+ Kxf4 44. Bc6 Be5 45. Bd7 Kg5 46. f3 Bxh2 47. fxe4 Kf4 48. Kf2 Kxe4 49. Kg2 Bf4 1/2-1/2

[Event "SLO-chT (Women)"]
[Site "Ljubljana"]
[Date "2015.04.12"]
[Round "7.1"]
[White "Hocevar, Maja"]
[Black "Groselj, Petra"]
[Result "0-1"]
[WhiteElo "1930"]
[BlackElo "2089"]
[PlyCount "84"]
[EventDate "2015.03.12"]
[EventType "team-tourn"]
[EventRounds "7"]
[EventCountry "SLO"]
[SourceTitle "EXT 2019"]
[Source "ChessBase"]
[SourceDate "2018.10.10"]
[SourceVersion "1"]
[SourceVersionDate "2018.10.10"]
[SourceQuality "1"]
[WhiteTeam "Radenska Pomgrad (W)"]
[BlackTeam "Domzale (W)"]
[WhiteTeamCountry "SLO"]
[BlackTeamCountry "SLO"]

1. e4 c5 2. Nc3 Nc6 3. g3 g6 4. Bg2 Bg7 5. Nge2 Nf6 6. 0-0 0-0 7. d3 d6 8. h3 Bd7 9. Be3 Rb8 10. Qd2 b5 11. f4 b4 12. Nd1 Ne8 13. f5 Nd4 14. g4 Nc7 15. Nxd4 cxd4 16. Bh6 a5 17. Bxg7 Kxg7 18. Qf2 e5 19. f6+ Kh8 20. Qh4 Ne6 21. g5 Rc8 22. Rf2 Rc5 23. a3 Qc7 24. axb4 axb4 25. Rc1 Ba4 26. Rd2 Bxc2 27. Nf2 Nf4 28. Bf1 b3 29. Qh6 Rg8 30. Ng4 Qa5 31. Rf2 Qa2 32. Re1 Qxb2 33. Rxf4 exf4 34. e5 Qc3 35. e6 Qxe1 36. exf7 Rcc8 37. fxg8Q+ Rxg8 38. f7 Qe7 39. fxg8Q+ Kxg8 40. Nf6+ Kh8 41. Nd5 Qf7 42. Qh4 b2 0-1

[Event "SLO-chT (Women)"]
[Site "Ljubljana"]
[Date "2015.04.10"]
[Round "5.2"]
[White "Groselj, Petra"]
[Black "Kolaric, Spela"]
[Result "1/2-1/2"]
[WhiteElo "2089"]
[BlackElo "2087"]
[PlyCount "80"]
[EventDate "2015.03.12"]
[EventType "team-tourn"]
[EventRounds "7"]
[EventCountry "SLO"]
[SourceTitle "EXT 2019"]
[Source "ChessBase"]
[SourceDate "2018.10.10"]
[SourceVersion "1"]
[SourceVersionDate "2018.10.10"]
[SourceQuality "1"]
[WhiteTeam "Domzale (W)"]
[BlackTeam "Kocevje Inotherm (W)"]
[WhiteTeamCountry "SLO"]
[BlackTeamCountry "SLO"]

1. e4 c5 2. Nf3 e6 3. d4 cxd4 4. Nxd4 a6 5. Bd3 Nc6 6. Nxc6 dxc6 7. Nd2 e5 8. Qh5 Qc7 9. Nc4 Bd6 10. Nxd6+ Qxd6 11. 0-0 Nf6 12. Qe2 Nd7 13. c3 Nc5 14. Bc2 Ne6 15. Be3 0-0 16. Rad1 Qc7 17. Rd2 Rd8 18. Rxd8+ Qxd8 19. Rd1 Qe7 20. Qd2 h6 21. Bb6 Kf8 22. a4 Ke8 23. b4 Bd7 24. Qe3 Qg5 25. Qd3 Qe7 26. Qg3 Qg5 27. Qxg5 hxg5 28. Bb3 Rc8 29. Bxe6 Bxe6 30. a5 f6 31. f3 g4 32. Kf2 Kf7 33. Rd8 Rxd8 34. Bxd8 gxf3 35. gxf3 Bc4 36. Bb6 Ke6 37. Ke3 g5 38. Bc5 Bb5 39. Bb6 Bc4 40. Bc5 Bb5 1/2-1/2

[Event "SLO-chT (Women)"]
[Site "Ljubljana"]
[Date "2015.03.15"]
[Round "4.2"]
[White "Petauer, Eva"]
[Black "Groselj, Petra"]
[Result "0-1"]
[WhiteElo "1697"]
[BlackElo "2089"]
[PlyCount "152"]
[EventDate "2015.03.12"]
[EventType "team-tourn"]
[EventRounds "7"]
[EventCountry "SLO"]
[SourceTitle "EXT 2019"]
[Source "ChessBase"]
[SourceDate "2018.10.10"]
[SourceVersion "1"]
[SourceVersionDate "2018.10.10"]
[SourceQuality "1"]
[WhiteTeam "Celje (W)"]
[BlackTeam "Domzale (W)"]
[WhiteTeamCountry "SLO"]
[BlackTeamCountry "SLO"]

1. e4 c5 2. Nf3 d6 3. Bb5+ Bd7 4. Bxd7+ Qxd7 5. 0-0 Nc6 6. c3 Nf6 7. d4 cxd4 8. cxd4 d5 9. e5 Ne4 10. Ne1 h6 11. f3 Ng5 12. Bxg5 hxg5 13. Nc3 e6 14. a3 Rc8 15. Kh1 f6 16. f4 gxf4 17. exf6 gxf6 18. Nf3 Kd8 19. Qd2 Bh6 20. Na4 Kc7 21. Rfe1 Qd6 22. Qe2 e5 23. Nc3 a6 24. dxe5 fxe5 25. Red1 d4 26. Ne4 Qd5 27. Rac1 Bg7 28. Rc5 Qd7 29. Qd3 Kb8 30. b4 Qe7 31. b5 axb5 32. Rxb5 Nd8 33. Rdb1 Rh6 34. h3 Rhc6 35. R1b2 Rc1+ 36. Kh2 Ra1 37. R5b3 Rcc1 38. Rb1 Raxb1 39. Rxb1 Rxb1 40. Qxb1 Qxa3 41. Qb6 Qe7 42. Nc5 Nc6 43. Nd2 Bf8 44. Nde4 Qf7 45. Nd3 Qc4 46. Qb1 Be7 47. Nd2 Qd5 48. Nf2 Nb4 49. Qf5 Nc6 50. Nfe4 Bb4 51. Nf3 d3 52. Nf6 Qb5 53. Ne4 Ka7 54. h4 Qd5 55. Nfd2 Bxd2 56. Nxd2 Na5 57. h5 Nc4 58. Nxc4 Qxc4 59. Qxe5 Qb4 60. Qa1+ Kb6 61. Qf6+ Kb5 62. Qe5+ Ka4 63. Qa1+ Kb5 64. Qe5+ Kb6 65. Qf6+ Kc7 66. Qf7+ Kc6 67. Qe8+ Kd5 68. Qf7+ Ke4 69. Qe6+ Kd4 70. h6 Qc5 71. Qf6+ Ke3 72. Qe6+ Kf2 73. Qa2+ Kf1 74. Qb1+ Ke2 75. Qb2+ d2 76. Qb3 Qh5+ 0-1

[Event "SLO-chT (Women)"]
[Site "Ljubljana"]
[Date "2015.03.14"]
[Round "3.2"]
[White "Groselj, Petra"]
[Black "Srebrnic, Ana"]
[Result "0-1"]
[WhiteElo "2089"]
[BlackElo "2231"]
[PlyCount "122"]
[EventDate "2015.03.12"]
[EventType "team-tourn"]
[EventRounds "7"]
[EventCountry "SLO"]
[SourceTitle "EXT 2019"]
[Source "ChessBase"]
[SourceDate "2018.10.10"]
[SourceVersion "1"]
[SourceVersionDate "2018.10.10"]
[SourceQuality "1"]
[WhiteTeam "Domzale (W)"]
[BlackTeam "Nova Gorica (W)"]
[WhiteTeamCountry "SLO"]
[BlackTeamCountry "SLO"]

1. e4 c6 2. Nc3 d5 3. Nf3 Bg4 4. h3 Bxf3 5. Qxf3 Nf6 6. g3 e6 7. Bg2 Na6 8. a3 dxe4 9. Nxe4 Nxe4 10. Qxe4 Qd5 11. 0-0 Qxe4 12. Bxe4 Nc5 13. Bg2 0-0-0 14. b4 Na4 15. d3 Be7 16. Be3 Bf6 17. Rad1 Nc3 18. Rde1 Nb5 19. a4 Nd4 20. Bxd4 Rxd4 21. Re4 Kc7 22. Rxd4 Bxd4 23. Rb1 Rd8 24. Kf1 a5 25. b5 Bc5 26. bxc6 bxc6 27. Ke2 Rd4 28. c4 Rd8 29. f4 f5 30. Bf3 e5 31. fxe5 Re8 32. Kd2 Rxe5 33. Rf1 g5 34. Kc3 Bb4+ 35. Kc2 Re3 36. Bh5 f4 37. gxf4 Rxh3 38. Bd1 Rh2+ 39. Kb3 gxf4 40. Rxf4 h5 41. d4 h4 42. Bg4 Rd2 43. Rf7+ Kb8 44. Rh7 Rd3+ 45. Kb2 Rxd4 46. Rxh4 Rxc4 47. Rh8+ Kc7 48. Be6 Re4 49. Rh6 Bf8 50. Rh7+ Kb6 51. Bb3 Kc5 52. Kc3 Re3+ 53. Kb2 Be7 54. Rh2 Kb4 55. Bc2 Bf6+ 56. Kc1 c5 57. Rf2 Bd4 58. Rf8 Re1+ 59. Bd1 Kc3 60. Rd8 Be3+ 61. Kb1 Bd2 0-1

[Event "SLO-chT (Women)"]
[Site "Ljubljana"]
[Date "2014.04.05"]
[Round "2.1"]
[White "Franciskovic, Borka"]
[Black "Groselj, Petra"]
[Result "1-0"]
[WhiteElo "2310"]
[BlackElo "2116"]
[PlyCount "181"]
[EventDate "2014.04.04"]
[EventType "team-tourn"]
[EventRounds "7"]
[EventCountry "SLO"]
[SourceTitle "EXT 2019"]
[Source "ChessBase"]
[SourceDate "2018.10.10"]
[SourceVersion "1"]
[SourceVersionDate "2018.10.10"]
[SourceQuality "1"]
[WhiteTeam "Kocevje (W)"]
[BlackTeam "Domzale (W)"]
[WhiteTeamCountry "SLO"]
[BlackTeamCountry "SLO"]

1. Nf3 Nf6 2. c4 g6 3. g3 Bg7 4. Bg2 0-0 5. 0-0 d6 6. d4 Nc6 7. Nc3 a6 8. d5 Na5 9. b3 b5 10. cxb5 axb5 11. b4 Nc4 12. Nd4 Bb7 13. e4 Qd7 14. Ndxb5 c6 15. dxc6 Qxc6 16. Rb1 Rfc8 17. a4 Qd7 18. Re1 Nb6 19. a5 Nc4 20. Rb3 Rab8 21. Na3 Ng4 22. Nd5 Bxd5 23. exd5 Qa4 24. Rb1 Rxb4 25. Qxg4 f5 26. Rxb4 Qxb4 27. Qe2 Be5 28. Nxc4 Rxc4 29. Bd2 Qb2 30. Bf4 Rc2 31. Qe3 Bf6 32. a6 Qa2 33. a7 Rc7 34. Rc1 Rxc1+ 35. Qxc1 Qxa7 36. Qc8+ Kg7 37. h4 Qa1+ 38. Kh2 Qe1 39. Be3 Qb1 40. Qe6 Qc2 41. Kg1 Qb1+ 42. Bf1 Qc2 43. Kg2 Qb1 44. Be2 Qb2 45. h5 Qb7 46. Bd3 Qb3 47. h6+ Kf8 48. Qc8+ Kf7 49. Bc4 Qb1 50. Qe6+ Kf8 51. Ba6 Be5 52. Kh2 Qe4 53. Qc8+ Kf7 54. Qc4 Qf3 55. Qe2 Qe4 56. Bg5 Qd4 57. f4 Bf6 58. Bxf6 Qxf6 59. Bc4 Qc3 60. Qe6+ Kf8 61. Be2 Qc2 62. Kg2 Qd2 63. Qc8+ Kf7 64. Qe6+ Kf8 65. Kh3 Qc1 66. Kg2 Qd2 67. Kf3 Qe1 68. Qc8+ Kf7 69. Qh8 Qh1+ 70. Ke3 Qxh6 71. Bb5 Qg7 72. Qxg7+ Kxg7 73. Bd7 Kf6 74. Be6 Kg7 75. Kf3 Kf6 76. Bg8 Kg7 77. Be6 Kf6 78. g4 fxg4+ 79. Kxg4 Kg7 80. f5 Kf6 81. fxg6 Kxg6 82. Bf5+ Kf6 83. Be6 Kg6 84. Kh4 Kf6 85. Kh5 Kg7 86. Kg5 Kh8 87. Bg4 Kg7 88. Kf5 Kf7 89. Bh5+ Kg7 90. Ke6 Kf8 91. Kd7 1-0

[Event "SLO-ch (Women)"]
[Site "Ljubljana"]
[Date "2012.07.02"]
[Round "3"]
[White "Srebrnic, Ana"]
[Black "Groselj, Petra"]
[Result "1-0"]
[WhiteElo "2183"]
[BlackElo "2128"]
[PlyCount "83"]
[EventDate "2012.06.30"]
[EventType "tourn"]
[EventRounds "9"]
[EventCountry "SLO"]
[SourceTitle "CBM 149 Extra"]
[Source "ChessBase"]
[SourceDate "2012.08.24"]
[SourceVersion "1"]
[SourceVersionDate "2012.08.24"]
[SourceQuality "1"]

1. Nf3 Nf6 2. d4 g6 3. g3 Bg7 4. Bg2 d6 5. c4 Nc6 6. d5 Ne5 7. Nxe5 dxe5 8. Nc3 0-0 9. 0-0 Ne8 10. Qb3 Kh8 11. Rd1 f5 12. c5 a6 13. Qc4 b5 14. Qh4 Rb8 15. Bg5 Bf6 16. b4 Bb7 17. e4 Bxg5 18. Qxg5 Kg7 19. exf5 Rxf5 20. Qe3 Nf6 21. h3 h5 22. Rd2 Qe8 23. c6 Ba8 24. Qa7 Qc8 25. Qc5 Qd8 26. Ne4 Ne8 27. h4 Nd6 28. Ng5 Kh8 29. Re2 Nc4 30. Be4 Rxg5 31. hxg5 e6 32. dxe6 Qxg5 33. Bd3 h4 34. Bxc4 bxc4 35. Rxe5 Qf6 36. Rae1 hxg3 37. fxg3 Re8 38. Qxc4 Rf8 39. Qh4+ Qxh4 40. gxh4 Bxc6 41. e7 Re8 42. Re6 1-0

[Event "SLO-ch (Women)"]
[Site "Ljubljana"]
[Date "2012.06.30"]
[Round "1"]
[White "Leonardi, Caterina"]
[Black "Groselj, Petra"]
[Result "0-1"]
[WhiteElo "1878"]
[BlackElo "2128"]
[PlyCount "56"]
[EventDate "2012.06.30"]
[EventType "tourn"]
[EventRounds "9"]
[EventCountry "SLO"]
[SourceTitle "CBM 149 Extra"]
[Source "ChessBase"]
[SourceDate "2012.08.24"]
[SourceVersion "1"]
[SourceVersionDate "2012.08.24"]
[SourceQuality "1"]

1. d4 Nf6 2. c4 c5 3. Nf3 cxd4 4. Nxd4 e5 5. Nb5 d6 6. N5c3 Be6 7. Nd2 Nc6 8. e4 Rc8 9. Be2 Be7 10. 0-0 0-0 11. Nd5 Nd7 12. Kh1 f5 13. f4 Nc5 14. exf5 Bxf5 15. fxe5 dxe5 16. Nf3 Ne4 17. Be3 Bc5 18. Bxc5 Nxc5 19. b4 Ne4 20. b5 Ne7 21. Nxe7+ Qxe7 22. Qd5+ Qe6 23. Qxb7 Qh6 24. Qd5+ Kh8 25. Bd1 Ng3+ 26. Kg1 Nxf1 27. Kxf1 e4 28. Bc2 exf3 0-1

[Event "SLO-chT (Women)"]
[Site "Murska Sobota"]
[Date "2012.04.22"]
[Round "7"]
[White "Rozic, Vesna"]
[Black "Groselj, Petra"]
[Result "1/2-1/2"]
[WhiteElo "2259"]
[BlackElo "2133"]
[PlyCount "102"]
[EventDate "2012.04.13"]
[EventType "team-tourn"]
[EventRounds "7"]
[EventCountry "SLO"]
[SourceTitle "EXT 2022"]
[Source "ChessBase"]
[SourceDate "2021.10.06"]
[SourceVersion "1"]
[SourceVersionDate "2021.10.06"]
[SourceQuality "1"]
[WhiteTeam "Maribor ZSK (W)"]
[BlackTeam "Domzale (W)"]
[WhiteTeamCountry "SLO"]
[BlackTeamCountry "SLO"]

1. d4 d6 2. Nf3 g6 3. c4 Nf6 4. g3 Bg7 5. Bg2 0-0 6. 0-0 Nc6 7. Nc3 a6 8. Bf4 Bf5 9. Rc1 Rb8 10. Re1 Ne4 11. Nd5 e5 12. dxe5 dxe5 13. Be3 Nd6 14. b3 Qd7 15. Bh6 Rfe8 16. Bxg7 Kxg7 17. Qd2 Rbd8 18. Qb2 f6 19. Red1 Qf7 20. h3 h5 21. h4 Be6 22. Ne1 Nd4 23. e3 N4f5 24. Nd3 c6 25. Nb6 Nc8 26. Na4 Ncd6 27. Ndc5 Kh7 28. Nxe6 Qxe6 29. Bh3 e4 30. Nc5 Qe7 31. Bxf5 Nxf5 32. b4 Nh6 33. Qb1 f5 34. Rc2 Ng4 35. Rcd2 Ne5 36. Kg2 Rxd2 37. Rxd2 Rd8 38. Rxd8 Qxd8 39. Ne6 Qd6 40. Ng5+ Kg8 41. c5 Qd5 42. Qb2 Kf8 43. a3 Ke7 44. Nh3 Nd3 45. Qg7+ Qf7 46. Qh8 Qa2 47. Qg7+ Qf7 48. Qh8 Qa2 49. Qb8 Qe2 50. Qd6+ Ke8 51. Qxg6+ Kd8 1/2-1/2

[Event "SLO-chT (Women)"]
[Site "Murska Sobota"]
[Date "2012.04.20"]
[Round "5"]
[White "Groselj, Petra"]
[Black "Krivec, Jana"]
[Result "1/2-1/2"]
[WhiteElo "2133"]
[BlackElo "2264"]
[PlyCount "46"]
[EventDate "2012.04.13"]
[EventType "team-tourn"]
[EventRounds "7"]
[EventCountry "SLO"]
[SourceTitle "EXT 2022"]
[Source "ChessBase"]
[SourceDate "2021.10.06"]
[SourceVersion "1"]
[SourceVersionDate "2021.10.06"]
[SourceQuality "1"]
[WhiteTeam "Domzale (W)"]
[BlackTeam "Nova Gorica (W)"]
[WhiteTeamCountry "SLO"]
[BlackTeamCountry "SLO"]

1. e4 e5 2. Nf3 Nc6 3. Bb5 a6 4. Ba4 d6 5. c4 Bd7 6. d4 exd4 7. Nxd4 Nxd4 8. Bxd7+ Qxd7 9. Qxd4 Nf6 10. Nc3 Be7 11. 0-0 0-0 12. Bf4 Rfe8 13. Rad1 Rad8 14. c5 dxc5 15. Qxd7 Rxd7 16. Rxd7 Nxd7 17. Bxc7 Bf6 18. Rd1 Nf8 19. f3 Bd4+ 20. Kf1 b5 21. Rd2 Ne6 22. Bg3 c4 23. Nd5 Bc5 1/2-1/2

[Event "SLO-chT (Women)"]
[Site "Murska Sobota"]
[Date "2012.04.19"]
[Round "4"]
[White "Leonardi, Caterina"]
[Black "Groselj, Petra"]
[Result "0-1"]
[WhiteElo "1847"]
[BlackElo "2133"]
[PlyCount "50"]
[EventDate "2012.04.13"]
[EventType "team-tourn"]
[EventRounds "7"]
[EventCountry "SLO"]
[SourceTitle "EXT 2022"]
[Source "ChessBase"]
[SourceDate "2021.10.06"]
[SourceVersion "1"]
[SourceVersionDate "2021.10.06"]
[SourceQuality "1"]
[WhiteTeam "Komenda SK (W)"]
[BlackTeam "Domzale (W)"]
[WhiteTeamCountry "SLO"]
[BlackTeamCountry "SLO"]

1. d4 g6 2. c4 Bg7 3. Nf3 d6 4. h3 Nc6 5. Nc3 e5 6. d5 Nce7 7. e4 h6 8. Bd3 f5 9. exf5 gxf5 10. Bc2 Nf6 11. Nh2 0-0 12. 0-0 f4 13. Rb1 Nf5 14. b4 Nd4 15. Bd3 Qe7 16. Ba3 e4 17. Re1 Bf5 18. Bf1 Nd7 19. Rc1 Rae8 20. Bb2 f3 21. Kh1 fxg2+ 22. Bxg2 Qh4 23. f3 exf3 24. Nxf3 Rxe1+ 25. Qxe1 Nxf3 0-1

[Event "SLO-chT (Women)"]
[Site "Murska Sobota"]
[Date "2012.04.14"]
[Round "2"]
[White "Franciskovic, Borka"]
[Black "Groselj, Petra"]
[Result "1-0"]
[WhiteElo "2250"]
[BlackElo "2133"]
[PlyCount "45"]
[EventDate "2012.04.13"]
[EventType "team-tourn"]
[EventRounds "7"]
[EventCountry "SLO"]
[SourceTitle "EXT 2022"]
[Source "ChessBase"]
[SourceDate "2021.10.06"]
[SourceVersion "1"]
[SourceVersionDate "2021.10.06"]
[SourceQuality "1"]
[WhiteTeam "Kocevje (W)"]
[BlackTeam "Domzale (W)"]
[WhiteTeamCountry "SLO"]
[BlackTeamCountry "SLO"]

1. c4 g6 2. Nc3 Bg7 3. g3 e6 4. d4 d5 5. Nf3 Ne7 6. Bg2 0-0 7. 0-0 Nd7 8. Qb3 dxc4 9. Qxc4 e5 10. dxe5 Nxe5 11. Nxe5 Bxe5 12. Bh6 Re8 13. Rad1 Bd6 14. Ne4 Nf5 15. Bf4 Re6 16. Nc5 Re8 17. Nxb7 Bxb7 18. Bxb7 Rb8 19. Bc6 Rf8 20. e4 Rb4 21. Qxb4 Bxb4 22. Rxd8 Rxd8 23. exf5 1-0

[Event "Ljubljana-chT 65th Superliga"]
[Site "Ljubljana"]
[Date "2012.01.19"]
[Round "2.2"]
[White "Marolt, Damjan"]
[Black "Groselj, Petra"]
[Result "0-1"]
[WhiteElo "2008"]
[BlackElo "2133"]
[PlyCount "80"]
[EventDate "2012.01.12"]
[EventType "team-tourn"]
[EventRounds "9"]
[EventCountry "SLO"]
[SourceTitle "EXT 2022"]
[Source "ChessBase"]
[SourceDate "2021.10.06"]
[SourceVersion "1"]
[SourceVersionDate "2021.10.06"]
[SourceQuality "1"]
[WhiteTeam "Klinicni Center"]
[BlackTeam "Domzale SD"]
[WhiteTeamCountry "SLO"]
[BlackTeamCountry "SLO"]

1. d4 Nf6 2. Nf3 g6 3. Nc3 d5 4. Bf4 Bg7 5. e3 c6 6. Be2 Nbd7 7. 0-0 0-0 8. h3 Qb6 9. a3 c5 10. Na4 Qc6 11. Nxc5 Nxc5 12. dxc5 Ne4 13. Rb1 Qxc5 14. Be5 f6 15. b4 Qc6 16. Bb2 e5 17. Qd3 Bf5 18. Qb3 Rac8 19. Bd3 Be6 20. b5 Qb6 21. Qb4 Rfd8 22. Rfc1 Bf8 23. Qe1 Nc5 24. Be2 Na4 25. Ba1 Bxa3 26. Rd1 Rxc2 27. g4 d4 28. Rd3 Bb2 29. exd4 e4 30. Rd2 Rxd2 31. Nxd2 Bxa1 32. Rxa1 Qxd4 33. Nf1 Nc3 34. Rc1 Nxe2+ 35. Qxe2 f5 36. Ne3 f4 37. Rd1 Qf6 38. Rxd8+ Qxd8 39. Ng2 f3 40. Qxe4 Bd5 0-1

[Event "Ljubljana-chT 65th Superliga"]
[Site "Ljubljana"]
[Date "2012.01.12"]
[Round "1.2"]
[White "Vavpetic, Vide"]
[Black "Groselj, Petra"]
[Result "1/2-1/2"]
[WhiteElo "2153"]
[BlackElo "2133"]
[PlyCount "47"]
[EventDate "2012.01.12"]
[EventType "team-tourn"]
[EventRounds "9"]
[EventCountry "SLO"]
[SourceTitle "EXT 2022"]
[Source "ChessBase"]
[SourceDate "2021.10.06"]
[SourceVersion "1"]
[SourceVersionDate "2021.10.06"]
[SourceQuality "1"]
[WhiteTeam "Domzale SD"]
[BlackTeam "Domzale SD"]
[WhiteTeamCountry "SLO"]
[BlackTeamCountry "SLO"]

1. e4 c5 2. c3 d6 3. d4 Nf6 4. dxc5 Nc6 5. cxd6 Nxe4 6. Bd3 Nxd6 7. Nf3 g6 8. 0-0 Bg7 9. Re1 0-0 10. h3 b6 11. Bg5 Qc7 12. Na3 Bb7 13. Bf4 Qd8 14. Bc2 Rc8 15. Qe2 Re8 16. Rad1 e5 17. Nb5 exf4 18. Rxd6 Rxe2 19. Rxd8+ Rxd8 20. Rxe2 Ba6 21. Nc7 Bf6 22. Re8+ Rxe8 23. Nxe8 Be7 24. Be4 1/2-1/2